Estudios Territoriales de la OCDE: Chile

Sábháilte in:
Sonraí bibleagrafaíochta
Údar corparáideach: Organización para la Cooperación y el Desarrollo Económicos (Údar)
Formáid: LEABHAR
Teanga:Spáinnis
Foilsithe / Cruthaithe: París OCDE 2009
Eagrán:1a. ed
Ábhair:
Clibeanna: Cuir clib leis
Níl clibeanna ann, Bí ar an gcéad duine le clib a chur leis an taifead seo!

MARC

LEADER 00000cam a2200000 a 4500
001 UCD2877
003 CL-VaPUC
008 160512e20090000fr |||||||||||||||||spa|d
020 |a 9789568468187 
082 0 4 |a 330.983  |b ORG  |2 21 
110 2 |a Organización para la Cooperación y el Desarrollo Económicos  |e author  |9 586269 
245 1 0 |a Estudios Territoriales de la OCDE: Chile 
250 |a 1a. ed 
300 |a 238 p 
942 |c BK 
945 |d 20160512 21:36:00  |a arojas 
260 |a París  |b OCDE  |c 2009 
650 0 |a Historia de Chile  |9 265473 
650 0 |a Crecimiento económico   |9 314037 
650 0 |a Política económica   |9 255029 
650 7 |a TERRITORIO CHILENO  |2 CL-VaPUC  |9 531452 
650 0 |a Productividad   |9 335972 
650 7 |a ECONOMIA CHILENA  |2 CL-VaPUC  |9 410148 
583 |a last modification  |c 20160512 21:36:00  |k Rodrigo Vera 
999 |c 363987  |d 363985 
952 |0 0  |1 0  |3 erb  |4 0  |6 330_983000000000000_ORG_2009  |7 0  |8 A  |9 476879  |a BIBGIM  |b BIBGIM  |i 5286751  |o 330.983 ORG 2009  |p 5286751  |r 2025-01-15  |w 2019-11-24  |y BK  |z Catalogado en:20160512  |k SSL